000 01242cam a22003497a 4500
003 CHAP
005 20220329132919.0
008 971013s1989 r 00010 d
010 _a201
011 _a1173
035 _a349
040 _cCHAP
082 _a323.35409727
_bF4
100 0 0 _aFernández Ortiz, Luis María.
_940261
245 1 4 _aLos factores que condicionan el desarrollo rural en la Mixteca Oaxaqueña
260 _aMéxico, D.F. :
_bUniversidad Autónoma Metropolitana. Unidad Xochimilco,
_c1989
300 _a173 p.
_b: ilus. ; gráfs.
490 0 _aBreviarios de la investigación
_v; 11
500 _a35-155
590 _aBATCH-UPD
_b10
_c20130110
_lUCH01
_h0209
590 _aBATCH-UPD
_b10
_c20130110
_lUCH01
_h0859
590 _aBATCH-UPD
_b10
_c20130409
_lUCH01
_h2224
590 _aBATCH-UPD
_b10
_c20130410
_lUCH01
_h1226
590 _aBATCH-UPD
_b10
_c20130914
_lUCH01
_h0749
590 _aCONVERSION
_b10
_c20130109
_lUCH01
_h1302
650 1 4 _aDesarrollo de la comunidad rural
_zOaxaca.
_932043
650 1 4 _aOaxaca
_xCondiciones rurales.
_982477
830 0 _aBreviarios de la investigación
_v; 11
_915274
901 _aBK
942 _cLIBRO
949 _a323.35409727 F4
_bBC
_cLIBRO
_d33724000302584
_eLIBRO
_h76756
_i349
_si
999 _c201
_d201